000 00862nmm a2200241 a 4500
001 ocm000700985
003 TR-IsHL
005 20201028140129.0
008 131212s2001 tu tur
007 cr cn
035 _a700985
_b(N$T)
050 0 4 _aHC493.İ88
_bİ8 2001
090 0 4 _aHC493.İ88
_bİ8 2001
245 1 0 _aİstanbul'un ekonomik ve sosyal göstergeleri
_h[electronic resource]
260 _aİstanbul :
_bİstanbul Ticaret Odası,
_c2001
300 _a48 p.
650 4 _aEkonomi ve Finans
650 4 _aEconomics and Finance
650 0 _aİstanbul (Türkiye)
_x Ekonomik durum
_x İstatistik
650 0 _aIstanbul (Turkey)
_x Economic conditions
_x Statistics
650 7 _aBUSINESS & ECONOMICS / Economic Conditions
_2bisacsh
856 4 0 _uhttp://search.ebscohost.com/login.aspx?direct=true&scope=site&db=e011xww&AN=700985
999 _c7123
_d7123